000 00345nam a22001457a 4500
008 211014b ||||| |||| 00| 0 eng d
020 _a0070721211
041 _aeng
080 _a330.722.6
082 _a330.722.6
100 _a61
101 _aKF
245 _aAccounting Information Systems Theory and Practice
_cWu,F.H
942 _2udc
_cBK
999 _c58221
_d58221